Elements of train dispatching / Vol- 1 & 2 (Record no. 531850)

000 -LEADER
fixed length control field 01141cam a22003134a 4500
001 - CONTROL NUMBER
control field 12832912
003 - CONTROL NUMBER IDENTIFIER
control field NUST
005 - DATE AND TIME OF LATEST TRANSACTION
control field 20191029154823.0
008 - FIXED-LENGTH DATA ELEMENTS--GENERAL INFORMATION
fixed length control field 020626m20039999waua b 001 0 eng
010 ## - LIBRARY OF CONGRESS CONTROL NUMBER
LC control number 2002108973
020 ## - INTERNATIONAL STANDARD BOOK NUMBER
International Standard Book Number 0971991502 (v. 1)
020 ## - INTERNATIONAL STANDARD BOOK NUMBER
International Standard Book Number 0971991529 (v. 2)
035 ## - SYSTEM CONTROL NUMBER
System control number (DLC) 2002108973
038 ## - RECORD CONTENT LICENSOR
Staff Name MSOHAIL
040 ## - CATALOGING SOURCE
Original cataloging agency DLC
Transcribing agency DLC
Modifying agency DLC
042 ## - AUTHENTICATION CODE
Authentication code pcc
050 00 - LIBRARY OF CONGRESS CALL NUMBER
Classification number TF563
Item number .W48 2003
082 00 - DEWEY DECIMAL CLASSIFICATION NUMBER
Classification number 385.2042
Edition number 22
100 1# - MAIN ENTRY--PERSONAL NAME
Personal name White, Thomas
Fuller form of name (Thomas A.)
9 (RLIN) 24783
245 10 - TITLE STATEMENT
Title Elements of train dispatching / Vol- 1 & 2
Statement of responsibility, etc. by Thomas White.
260 ## - PUBLICATION, DISTRIBUTION, ETC.
Place of publication, distribution, etc. Mountlake Terrace, WA :
Name of publisher, distributor, etc. VTD Rail Pub.,
Date of publication, distribution, etc. <c2003->
300 ## - PHYSICAL DESCRIPTION
Extent v. <1-2> :
Other physical details ill. ;
Dimensions 23 cm.
504 ## - BIBLIOGRAPHY, ETC. NOTE
Bibliography, etc. note Includes bibliographical references and index.
505 0# - FORMATTED CONTENTS NOTE
Formatted contents note v. 1. History and overview of train dispatching and railroad operation -- v. 2. Handling trains --
650 #0 - SUBJECT ADDED ENTRY--TOPICAL TERM
Topical term or geographic name entry element Railroad trains
General subdivision Dispatching.
9 (RLIN) 24963
906 ## - LOCAL DATA ELEMENT F, LDF (RLIN)
a 7
b cbc
c orignew
d 2
e epcn
f 20
g y-gencatlg
942 ## - ADDED ENTRY ELEMENTS (KOHA)
Source of classification or shelving scheme
Koha item type Book
Holdings
Withdrawn status Lost status Source of classification or shelving scheme Damaged status Not for loan Permanent Location Current Location Date acquired Total Checkouts Full call number Barcode Date last seen Price effective from Koha item type
          School of Civil and Environmental Engineering (SCEE) School of Civil and Environmental Engineering (SCEE) 10/29/2019   385.2042 NIT-11767 10/29/2019 10/29/2019 Book
          School of Civil and Environmental Engineering (SCEE) School of Civil and Environmental Engineering (SCEE) 10/29/2019   385.2042 NIT-11768 10/29/2019 10/29/2019 Book
© 2023 Central Library, National University of Sciences and Technology. All Rights Reserved.